¡La ley de Dios! (Record no. 170719)

MARC details
000 -LEADER
campo de control de longitud fija 00814nam a22001695i 4500
001 - NÚMERO DE CONTROL
campo de control 170719
003 - IDENTIFICADOR DE NÚMERO DE CONTROL
campo de control ES-MaACL
005 - FECHA Y HORA DE LA ÚLTIMA TRANSACCIÓN
campo de control 20230906214436.0
008 - DATOS DE LONGITUD FIJA--INFORMACIÓN GENERAL
campo de control de longitud fija 090401s1876 sp |||| | spa d
080 ## - NÚMERO DE LA CLASIFICACIÓN DECIMAL UNIVERSAL
Número de la Clasificación Decimal Universal 821.134.2-2"18"
100 1# - ENTRADA PRINCIPAL--NOMBRE DE PERSONA
Nombre de persona García Sánchez, Ramón.
9 (RLIN) 55266
245 11 - MENCIÓN DEL TÍTULO
Título ¡La ley de Dios!
Resto del título : cuadro dramático en un acto y en verso /
Mención de responsabilidad, etc. original de Ramón García Sánchez.
260 ## - PUBLICACIÓN, DISTRIBUCIÓN, ETC.
Lugar de publicación, distribución, etc. Madrid :
Nombre del editor, distribuidor, etc. [s.n.],
Fecha de publicación, distribución, etc. 1876 (
Fabricante Imp. de José Rodríguez)
300 ## - DESCRIPCIÓN FÍSICA
Extensión 32 p. ;
Dimensiones 19 cm.
500 ## - NOTA GENERAL
Nota general En port.: Representada por primera vez con extraordinario éxito en el Teatro de Eslava la noche del 28 de marzo de 1876.
852 ## - LOCALIZACIÓN
Ubicación ES-MaACL
Número de control de estantería F-8554(11)
Nota libre .- Enc. pasta española
condición física . - Falto de la cub. original
Nota libre . - Enc. en un vol. facticio, formando parte de la col. facticia "Teatro español moderno", v. 6
Holdings
Estatus retirado Estado de pérdida Estado de daño No para préstamo Colección Biblioteca de origen Biblioteca actual Ubicación en estantería Fecha de adquisición Fuente de adquisición Total de préstamos Signatura topográfica completa Código de barras Visto por última vez Precio de reemplazo Tipo de ítem Koha
        Libros del s. XIX Biblioteca del Ateneo de Madrid Biblioteca del Ateneo de Madrid Sala Pecera Planta 2 01/04/2009     F-8554(11) 1179161 23/02/2023 23/02/2023 Libro impreso antiguo